[Event "BCF-ch Penrose U2000 op"]
[Site "Hull"]
[Date "2024.07.28"]
[Round "5"]
[White "Pradhan, Ayan"]
[Black "Slater, Jonathan R"]
[Result "1-0"]
[WhiteElo "1714"]
[BlackElo "1741"]
[PlyCount "65"]
[EventDate "2024.07.26"]
[EventType "swiss"]
[EventRounds "5"]
[EventCountry "ENG"]
[SourceTitle "CBM 221 Extra"]
[Source "ChessBase"]
[SourceDate "2024.09.30"]
[SourceVersion "1"]
[SourceVersionDate "2024.09.30"]
[SourceQuality "1"]

1. e4 e5 2. Nf3 Nc6 3. Bb5 a6 4. Ba4 Nf6 5. d3 b5 6. Bb3 Be7 7. 0-0 0-0 8. c3 d6 9. Nbd2 Na5 10. Bc2 c5 11. Re1 Nc6 12. Nf1 Qc7 13. Bg5 b4 14. Ne3 bxc3 15. bxc3 Be6 16. Bb3 Bxb3 17. axb3 Rfb8 18. Nh4 h6 19. Bxf6 Bxf6 20. Nd5 Qd8 21. Nf5 Bg5 22. h4 Bxh4 23. g3 Bg5 24. f4 exf4 25. gxf4 g6 26. fxg5 gxf5 27. Nf6+ Kf8 28. exf5 Ne5 29. d4 cxd4 30. cxd4 Qb6 31. Rxe5 Qxb3 32. Re8+ Kg7 33. Rg8+ 1-0